[Event "St Chely d'Aubrac op 4th"]
[Site "St Chely d'Aubrac"]
[Date "2004.07.23"]
[Round "8"]
[White "Strohmann, Matthieu"]
[Black "Sidibe, Malika"]
[Result "1-0"]
[WhiteElo "2000"]
[BlackElo "1820"]
[PlyCount "126"]
[EventDate "2004.07.17"]
[EventType "swiss"]
[EventRounds "9"]
[EventCountry "FRA"]
[SourceTitle "CBM 101 Extra"]
[Source "ChessBase"]
[SourceDate "2004.09.01"]
[SourceVersion "2"]
[SourceVersionDate "2004.09.01"]
[SourceQuality "1"]

1. e4 c5 2. Nf3 Nc6 3. d4 cxd4 4. Nxd4 Nf6 5. Nc3 e5 6. Ndb5 d6 7. Bg5 a6 8. Na3 b5 9. Bxf6 gxf6 10. Nd5 Bg7 11. c3 f5 12. exf5 Bxf5 13. Qf3 Bd7 14. Bd3 0-0 15. Bf5 Ne7 16. Bxd7 Nxd5 17. Bc6 e4 18. Qg3 Nb6 19. Bxa8 Nxa8 20. 0-0 Qb6 21. Rad1 Rd8 22. Rd4 d5 23. Nc2 Kh8 24. Rd2 Qe6 25. Nd4 Qf6 26. Qg4 Bh6 27. Rdd1 Rg8 28. Qf5 Qg7 29. g3 Nc7 30. Qd7 Bf4 31. Kh1 Qg6 32. Qf5 Bd6 33. Qxg6 Rxg6 34. f3 exf3 35. Rxf3 Kg7 36. Nf5+ Kg8 37. Nxd6 Rxd6 38. Re1 Rd7 39. Rf5 Ne6 40. Rd1 d4 41. cxd4 Rxd4 42. Rxd4 Nxd4 43. Rf6 Ne6 44. Kg2 Kg7 45. Rf5 Kg6 46. Rd5 Kg7 47. Rd6 a5 48. Rd5 b4 49. Rxa5 Nd4 50. Rd5 Nc6 51. a4 bxa3 52. bxa3 Kf8 53. a4 Ke7 54. a5 Ke6 55. Rh5 Kd7 56. a6 Kc7 57. Rxh7 Ne5 58. Rh5 Nc6 59. Rf5 Kb6 60. Rxf7 Kxa6 61. Rf6 Kb6 62. h4 Kc7 63. Rxc6+ Kxc6 1-0

[Event "St Chely d'Aubrac op 4th"]
[Site "St Chely d'Aubrac"]
[Date "2004.07.19"]
[Round "3"]
[White "Coste, Thierry"]
[Black "Strohmann, Matthieu"]
[Result "0-1"]
[WhiteElo "2149"]
[BlackElo "2000"]
[PlyCount "76"]
[EventDate "2004.07.17"]
[EventType "swiss"]
[EventRounds "9"]
[EventCountry "FRA"]
[SourceTitle "CBM 101 Extra"]
[Source "ChessBase"]
[SourceDate "2004.09.01"]
[SourceVersion "2"]
[SourceVersionDate "2004.09.01"]
[SourceQuality "1"]

1. e4 e5 2. Nf3 Nc6 3. Bc4 Bc5 4. c3 Nf6 5. d4 exd4 6. cxd4 Bb4+ 7. Nc3 Nxe4 8. 0-0 Bxc3 9. d5 Bf6 10. Re1 Ne7 11. Rxe4 d6 12. Bg5 Bxg5 13. Nxg5 h6 14. Qe2 hxg5 15. Re1 Be6 16. dxe6 f6 17. Re3 Kf8 18. Rh3 Rxh3 19. gxh3 Qe8 20. Qe4 Kg8 21. Qxb7 Qc8 22. Qf3 Rb8 23. Bd3 Qe8 24. h4 gxh4 25. Rc1 c6 26. Rc4 Rb5 27. Rxh4 Rg5+ 28. Kf1 Ng6 29. Bxg6 Qxg6 30. Qb3 Qb1+ 31. Ke2 Re5+ 32. Kd2 Qe1+ 33. Kd3 Rd5+ 34. Rd4 Rxd4+ 35. Kxd4 Qxf2+ 36. Kd3 Qf3+ 37. Kc2 Qxb3+ 38. Kxb3 Kf8 0-1

[Event "St Chely d'Aubrac op 4th"]
[Site "St Chely d'Aubrac"]
[Date "2004.07.19"]
[Round "4"]
[White "Strohmann, Matthieu"]
[Black "Hassler, Franck"]
[Result "0-1"]
[WhiteElo "2000"]
[BlackElo "2198"]
[PlyCount "64"]
[EventDate "2004.07.17"]
[EventType "swiss"]
[EventRounds "9"]
[EventCountry "FRA"]
[SourceTitle "CBM 101 Extra"]
[Source "ChessBase"]
[SourceDate "2004.09.01"]
[SourceVersion "2"]
[SourceVersionDate "2004.09.01"]
[SourceQuality "1"]

1. e4 c5 2. Nf3 d6 3. d4 cxd4 4. Nxd4 Nf6 5. Nc3 a6 6. Bg5 e6 7. f4 Be7 8. Qf3 0-0 9. Bc4 Qc7 10. Bb3 Nc6 11. 0-0-0 Na5 12. g4 Nxb3+ 13. axb3 b5 14. Bxf6 Bxf6 15. g5 Be7 16. Rhg1 b4 17. Nce2 Re8 18. Rg4 Bb7 19. Rh4 g6 20. Qh3 h5 21. Ng3 Bf8 22. f5 exf5 23. exf5 Re3 24. f6 Qc5 25. Rxh5 gxh5 26. Qxh5 Be4 27. Qg4 Bg6 28. h4 Rc8 29. Ngf5 Bxf5 30. Qxf5 Qxf5 31. Nxf5 Re2 32. Nd4 Rh2 0-1

[Event "FRA-chT2O 0203"]
[Site "France"]
[Date "2003.01.19"]
[Round "6.5"]
[White "Rapinel, Franck"]
[Black "Strohmann, Matthieu"]
[Result "1-0"]
[WhiteElo "2201"]
[BlackElo "2013"]
[PlyCount "59"]
[EventDate "2002.10.??"]
[EventType "team"]
[EventRounds "11"]
[EventCountry "FRA"]
[SourceTitle "EXT 2004"]
[Source "ChessBase"]
[SourceDate "2003.11.25"]
[SourceVersion "1"]
[SourceVersionDate "2003.11.25"]
[SourceQuality "1"]
[WhiteTeam "Chalons en Champagne"]
[BlackTeam "Metz Fischer"]
[WhiteTeamCountry "FRA"]
[BlackTeamCountry "FRA"]

1. e4 e5 2. Bc4 Bc5 3. Nf3 Nc6 4. 0-0 Nf6 5. c3 Nxe4 6. d4 exd4 7. cxd4 Be7 8. d5 Nd6 9. Be2 Na5 10. Qd3 0-0 11. Be3 Bf6 12. Bd4 Nac4 13. b3 Nb6 14. Nc3 Bxd4 15. Nxd4 Ne8 16. Rae1 d6 17. Bf3 Nf6 18. Re3 Nbd7 19. Qd2 Ne5 20. Bd1 Bg4 21. Bc2 Bh5 22. f4 Ned7 23. h3 h6 24. g4 Bg6 25. Bxg6 fxg6 26. Ne6 Qc8 27. Nxf8 Qxf8 28. Rfe1 Re8 29. Rxe8 Nxe8 30. Qe3 1-0